Comentarios a la ley del procedimiento administrativo general: (Registro nro. 20725)

Detalles MARC
000 -Cabecera
Campo de control interno 00519nam a2200181Ia 4500
005 - Fecha y hora del registro
control field 20260306172826.0
008 - Elementos de Longitud Fija
fixed length control field 260306t2021||||xx |||||||||||||| ||spa||
041 ## - Idioma
Codigo Idioma ESP
082 ## - DEWEY y NOTACIÓN INTERNA
Dewey 343.7
Notación Interna M86 2021 T. 2
100 ## - AUTOR
Autor denominación Morón Urbina, Juan Carlos
Término de relación autor
245 #0 - TÍTULO DE MATERIAL BIBLIOGRÁFICO
Título Comentarios a la ley del procedimiento administrativo general:
Título paralelo texto único ordenado de la ley N° 27444
260 ## - CIUDAD, EDITORIAL, AÑO
Año 2021
300 ## - DESCRIPCIÓN
N° Páginas 910 páginas :
Dimensiones 25 cm.
650 ## - TEMAS
Temas Generalidades
654 ## - PROGRAMAS
Programa Dpto. de Derecho y Ciencia Política
942 ## - ELEMENTOS DE KOHA
Tipo de documento Libro
Nombre del creador Justo Noguera
Código de catalogador Justo Noguera
Esquema de clasificación Dewey Decimal Classification
Suppress in OPAC
Existencias
Codigo completo Registro Colección Copia número Disponibilidad Tipo de préstamo Biblioteca Actual Procedencia (Biblioteca) Ubicacón Fecha Ingreso Tipo de Adquisición Date last seen Total checkouts Price effective from Tipo de Item Estado del Material Fuente de Clasificación Damaged status Withdrawn status
343.7 M86 2021 T. 2 1074233 Universidad Católica San Pablo 1 Disponible Disponible Víctor Andrés Belaunde Víctor Andrés Belaunde Primer piso 03/06/2026 Compra 06/03/2026   06/03/2026 Libro Bueno Dewey Decimal Classification